01198nas a2200277Ia 4500001002800000003001000028008004100038040002500079041001300104100002200117210001600139222001600155245003500171250001100206260000900217501012300226300001400349362002500363500025300388650002300641700001100664942000700675957000600682999003200688952020000720A50//R028-4013 [r000001134]IT-MiCISF161014c99999999xx |||||||||||| ||und|| aIT-MiCISFcIT-MiCISF aITALIANO aCampanini Giorgio aLa famiglia aLa famiglia 0aLa famiglia luogo di umanità a1a ed. c1985 bCISF - Centro Internazionale Studi Famiglia - Via Giotto, 36 20145 MILANO (non commercial uses only)cCopyright 2016 a pp. 5-21 a113, set-ott. [1985] aRelazione introduttiva al XVIII Convegno dell'Istituto Rezzara di Vicenza "Famiglia e società civile" tenuto a Recoaro Terme nel settembre 1985 Tema: famiglia, società, storia, procreazione, sessualità, funzione-famiglia, welfare, cambiamento aFAMIGLIAvarticolo aAA.VV. cCR 71 a4013bSig1c221979d221979 0010406A_50_000000000000000_R0284013_R00000113471aCISFbCISFd2016-10-14l0oA50//R028-4013 [r000001134]r2016-10-14 00:00:00w2016-10-14yCRzData import 15.10.2016 / by Epidotti, Vaglietti